| 000 | 00719nam a2200193 i 4500 | ||
|---|---|---|---|
| 001 | 25675 | ||
| 003 | ES-MaACL | ||
| 005 | 20230906153318.0 | ||
| 007 | t| | ||
| 008 | 191011m19501957sp |||| | spa d | ||
| 245 | 0 | 0 | _aEstudios dedicados a Menéndez Pidal. |
| 260 |
_aMadrid : _bConsejo Superior de Investigaciones Científicas, Patronato Marcelino Menéndez y Pelayo, _c1950-1957. |
||
| 300 |
_a7 v. (VIII, 640; 668; 654; 644; 422; 666; 486 p.) : _bil. ; _c25 cm. |
||
| 504 | _aReferencias bibliográficas. | ||
| 546 | _aTextos en español, francés, inglés, alemán e italiano. | ||
| 600 | 1 | 4 |
_aMenéndez Pidal, Ramón, _d1869-1968- _vHomenajes _980316 |
| 852 |
_aES-MaACL _jP-970 |
||
| 999 |
_c25675 _d25675 |
||